טוען...
बदलों के घेर
| מחבר ראשי: | |
|---|---|
| פורמט: | Printed Book |
| יצא לאור: |
New Delhi
Rajkamal
2006
|
| נושאים: |
| LEADER | 00551nam a22001457a 4500 | ||
|---|---|---|---|
| 020 | |a 978 81 267 1184 0 | ||
| 082 | |a H891.433 |b SOB/B | ||
| 100 | |a सोबती, कृष्णा | ||
| 245 | |a बदलों के घेर | ||
| 260 | |a New Delhi |b Rajkamal |c 2006 | ||
| 300 | |a 207p. | ||
| 650 | |a Badlon ke ghere |a Hindi short stories |a Hindi literature | ||
| 942 | |c BK | ||
| 999 | |c 32779 |d 32779 | ||
| 952 | |0 0 |1 0 |4 0 |6 H_891_433000000000000_SOBB |7 0 |8 Stack |9 34679 |a KUCL |b KUCL |c Stack |d 2015-06-10 |g 295.00 |l 1 |o H891.433 SOB/B |p 38692 |r 2017-11-17 |s 2017-10-07 |w 2015-06-10 |y BK | ||